000 00725nmm a22002177a 4500
005 20150128152330.0
008 131206b2210 -CN||||| |||| 00| 0 spa d
020 _a9292252208
040 _aCO-BoIAVH
_cCO-BoIAVH
041 _aspa
_afre
_aeng
044 _acn
082 0 4 _a333.95
_bP45p
090 _aLB
_b05848
110 _aSecretaría del Convenio sobre la diversidad Biológica
_9563
245 _aPerspectiva mundial sobre la biodiversidad
260 _aMontreal
_bSecretaría del Convenio sobre la diversidad Biológica
_c2010
300 _a94 p.,
_bil., recuadros, tablas figuras,
_c13 cm
505 _aIncluye contenido
856 _uhttp://www.cbd.int/doc/publications/gbo/gbo3-final-es.pdf
942 _2ddc
_cLIBRO
999 _c8029
_d8029